书目信息 |
| 题名: |
氯碱生产分析:烧碱和无机氯产品 上册
|
|
| 作者: | 陈世澄 主编 | |
| 分册: | ||
| 出版信息: | 北京 化学工业出版社 1996.01 |
|
| 页数: | 434页 | |
| 开本: | 16开 | |
| 丛书名: | ||
| 单 册: | ||
| 中图分类: | TQ114 | |
| 科图分类: | ||
| 主题词: | 氯碱生产 , 无机碱--生产 | |
| 电子资源: | ||
| ISBN: | 7-5025-1562-3 | |
| 000 | 00641nam0 2200205 45 | |
| 001 | 0011211892 | |
| 005 | 20001121183051.4 | |
| 010 | @a7-5025-1562-3@d48.00元 | |
| 100 | @a20001121d1996 km y0chiy0120 ea | |
| 101 | 0 | @achi |
| 105 | @a z 000yy | |
| 200 | 1 | @a氯碱生产分析:烧碱和无机氯产品 上册@ALu Jian Sheng Chan Fen Xi:Shao Jian He Wu Ji Lu ChanPin Shang Ce@f陈世澄主编@FChen Shi Cheng Zhu Bian |
| 210 | @a北京@c化学工业出版社@d1996.01 | |
| 215 | @a434页@d16开 | |
| 606 | 0 | @a氯碱生产 |
| 606 | 0 | @a无机碱@x生产 |
| 690 | @aTQ114@v3 | |
| 701 | 0 | @a陈世澄@4主编 |
| 801 | @aCN@bPftUser@c20001121 | |
| 905 | @b419357-358@dTQ114@eCH123:1@f2 | |
| 氯碱生产分析:烧碱和无机氯产品 上册/陈世澄主编.-北京:化学工业出版社,1996.01 |
| 434页;16开 |
| ISBN 7-5025-1562-3:48.00元 |
| ● |
| 相关链接 |
|
|
|
正题名:氯碱生产分析:烧碱和无机氯产品上册
索取号:TQ114/CH123:1
 
预约/预借
| 序号 | 登录号 | 条形码 | 馆藏地/架位号 | 状态 | 备注 |
| 1 | 419357 | 204193577 | 自科库501/501自科库 139排5列2层/ [索取号:TQ114/CH123:1] | 在馆 | |
| 2 | 419358 | 204193586 | 自科二线504/504自科库 13排3列1层/ [索取号:TQ114/CH123:1] | 在馆 |